00983nam a2200241 i 4500001000700000003000900007005001700016007000300033008004100036080001100077100003000088245013100118260003800249300002600287490007000313650003200383700003800415700004900453830007800502852002100580999001900601952012100620110766ES-MaACL20230906185147.0t|070125s1925 sp ||||1| spa d a343.971 aParmelee, Maurice.98919610aCriminología / cMaurice Parmelee ; versión española de Julio-César Cerdeiras ; prólogo de Luis Jiménez de Asúa. aMadrid : bHijos de Reus, c1925. aXVI, 503 p ; c23 cm.1 aBiblioteca jurídica de autores españoles y extranjeros ; v92 4aCrimen y criminales.9114171 aCerdeiras, Julio César.91856631 aJiménez de Asúa, Luis,d1889-19709664910 aBiblioteca jurídica de autores españoles y extranjeros ; v929182228 aES-MaACLjE-3086 c110766d110766 00104070aATENEOMbATENEOMcDEPO2d2008-01-17eSCl0oE-3086p1115572r2023-02-23 00:00:00w2023-02-23yMONOGRAFIA